000 00759nam a2200217Ia 4500
001 15204
003 GE_BSU
008 181216s||||||||xx |||||||||||||| ||und||
040 _cGE_BSU
080 _a821.353.1-7
100 _aშველიძე,ნიკო
245 _aსატირის მახვილით
245 _bიუმორისტული მოთხრობები
245 _cრედ:ქ.თავაძე;მხატვ:დ.ზარაფიშვილი
260 _aთბილისი.
260 _bსაბჭოთა საქართველო
260 _c1967
300 _a136გვ;17სმ.
653 _aიუმორისტული მოთხრობები
942 _cBK
999 _c48316
_d48316